000 00643nam a2200217Ia 4500
005 20250923145540.0
008 008 250917s9999 xx 000 0 eng d
037 _aTextual
040 _aDSWL
_beng
_cDSWL
041 _aeng
_2eng
084 _aX:75.44V, N77
_qDSWL
100 _aPyatt, G.
_9836474
245 0 _aSocial accounting for development planning with special reference to Sri Lanka
_c by G. Pyatt
260 _aLondon
_bCambridge
_c1977
300 _axxxi,190 p.
365 _aGBP
_b14.5
700 _a A. Roe
_9836475
925 _g14.5
942 _cTEXL
_hX:75.44V, N77
999 _c1452727
_d1452727